| 000 | 00971nam a2200265Ia 4500 | ||
|---|---|---|---|
| 003 | OSt | ||
| 005 | 20220916110908.0 | ||
| 006 | a|||||r|||| 00| 0 | ||
| 007 | ta | ||
| 008 | 220915b |||||||| |||| 00| 0 hin d | ||
| 024 | _a566 | ||
| 037 | _b481, 21/03/2008, Vani Prakashan | ||
| 037 | _cTextbook | ||
| 040 |
_bhin _aARTS _cARTS |
||
| 041 | _ahin | ||
| 082 | _aO155,3N421,2, 152P4 | ||
| 100 | _aलिंबाले, शरणकुमार; | ||
| 245 | 0 | _aहिंदू | |
| 246 | _aHiandū | ||
| 260 |
_aनयी _bदिल्ली वाणी प्रकाशन भारतु _c2004 |
||
| 300 |
_a150पृ0 _ccm. |
||
| 700 | _aरणसुभे, सूर्यनारायण, अनु. | ||
| 942 |
_hO155,3N421,2, 152P4 _cTB _2CC |
||
| 999 |
_c100677 _d100677 |
||